<?xml version="1.0" encoding="UTF-8"?>
<marc:record xmlns:marc="http://www.loc.gov/MARC21/slim">
   <marc:leader>00000nam a2200000 a 4500</marc:leader>
   <marc:datafield ind1="1" ind2=" " tag="100">
      <marc:subfield code="a">Garstenauer, Rita</marc:subfield>
      <marc:subfield code="4">edt</marc:subfield>
      <marc:subfield code="e">Bearbeiter/-in</marc:subfield>
   </marc:datafield>
   <marc:datafield ind1="1" ind2=" " tag="100">
      <marc:subfield code="a">Unterwurzacher, Anne</marc:subfield>
      <marc:subfield code="4">edt</marc:subfield>
      <marc:subfield code="e">Bearbeiter/-in</marc:subfield>
   </marc:datafield>
   <marc:datafield ind1=" " ind2=" " tag="653">
      <marc:subfield code="a">Geschichte 1945-2014</marc:subfield>
   </marc:datafield>
   <marc:datafield ind1=" " ind2=" " tag="653">
      <marc:subfield code="a">Ländlicher Raum</marc:subfield>
   </marc:datafield>
   <marc:datafield ind1=" " ind2=" " tag="653">
      <marc:subfield code="a">Migration</marc:subfield>
   </marc:datafield>
   <marc:datafield ind1=" " ind2=" " tag="653">
      <marc:subfield code="a">"Gastarbeiter"</marc:subfield>
   </marc:datafield>
   <marc:datafield ind1=" " ind2=" " tag="653">
      <marc:subfield code="a">Ländliche Regionen</marc:subfield>
   </marc:datafield>
   <marc:datafield ind1=" " ind2=" " tag="653">
      <marc:subfield code="a">Regionalgeschichte</marc:subfield>
   </marc:datafield>
   <marc:datafield ind1=" " ind2=" " tag="653">
      <marc:subfield code="a">Stadt-Land-Gefälle</marc:subfield>
   </marc:datafield>
   <marc:datafield ind1=" " ind2=" " tag="653">
      <marc:subfield code="a">Landflucht</marc:subfield>
   </marc:datafield>
   <marc:datafield ind1=" " ind2=" " tag="653">
      <marc:subfield code="a">Softcover / Geschichte</marc:subfield>
   </marc:datafield>
   <marc:datafield ind1=" " ind2=" " tag="653">
      <marc:subfield code="a">Aufsatzsammlung</marc:subfield>
   </marc:datafield>
   <marc:datafield ind1="0" ind2="0" tag="245">
      <marc:subfield code="a">Aufbrechen, arbeiten, ankommen</marc:subfield>
   </marc:datafield>
   <marc:datafield ind1="0" ind2="0" tag="245">
      <marc:subfield code="b">Mobilität und Migration im ländlichen Raum seit 1945</marc:subfield>
   </marc:datafield>
   <marc:datafield ind1="0" ind2="0" tag="245">
      <marc:subfield code="c">Rita Garstenauer/Anne Unterwurzacher (Hg.)</marc:subfield>
   </marc:datafield>
   <marc:datafield ind1=" " ind2="1" tag="264">
      <marc:subfield code="a">Innsbruck</marc:subfield>
      <marc:subfield code="b">StudienVerl.</marc:subfield>
      <marc:subfield code="c">2015</marc:subfield>
   </marc:datafield>
   <marc:datafield ind1="1" ind2=" " tag="490">
      <marc:subfield code="a">Jahrbuch für Geschichte des ländlichen Raumes</marc:subfield>
      <marc:subfield code="v">2014</marc:subfield>
   </marc:datafield>
   <marc:datafield ind1="1" ind2=" " tag="520">
      <marc:subfield code="a">Angaben aus der Verlagsmeldung

Aufbrechen, Arbeiten, Ankommen : Mobilität und Migration im ländlichen Raum seit 1945

Ländliche Räume gelten oft ausschließlich als Auswanderungsregionen, von denen aus Teile der ansässigen Bevölkerung auf direktem Weg in die städtischen Zentren wandern. Die historische Migrationsforschung hat gezeigt, dass solche vereinfachten Bilder kaum der komplexen Realität entsprechen. Neben der Wanderung vom Land in die Stadt gab es auch den umgekehrten Weg von der Stadt aufs Land sowie dauerhafte oder befristete Migration von einer ländlichen Region in eine andere. Die Motive der migrierenden Menschen waren vielfältig, von der Vermeidung von Nachteilen vor Ort bis hin zur Wahrnehmung von Chancen andernorts. Der Band versammelt Beiträge aus verschiedenen Wissenschaftsdisziplinen zu Aspekten ländlicher Mobilität und Migration: Displaced Persons nach dem Zweiten Weltkrieg, österreichische Gastarbeiterinnen und Gastarbeiter im Ausland, nach Österreich angeworbene Arbeitskräfte aus Jugoslawien und der Türkei, Wohnsitzverlegungen im Zuge von Existenz- und Familiengründung, die oft weiträumige Mobilität von EU-Bürgerinnen und -bürgern innerhalb der Schengen-Grenzen, die Wohnmigration im Umfeld urbaner Zentren. Die Beiträge machen einmal mehr deutlich, dass Migration kein ungewöhnliches, daher zu behebendes Gegenwartsproblem, sondern ein normales, historisch in verschiedenen Ausprägungen fassbares Phänomen darstellt.
</marc:subfield>
   </marc:datafield>
   <marc:datafield ind1=" " ind2=" " tag="020">
      <marc:subfield code="a">9783706554022</marc:subfield>
      <marc:subfield code="9">9783706554022</marc:subfield>
   </marc:datafield>
   <marc:datafield ind1=" " ind2=" " tag="020">
      <marc:subfield code="a">370655402X</marc:subfield>
      <marc:subfield code="9">370655402X</marc:subfield>
   </marc:datafield>
   <marc:datafield ind1=" " ind2=" " tag="041">
      <marc:subfield code="a">ger</marc:subfield>
   </marc:datafield>
   <marc:datafield ind1=" " ind2=" " tag="300">
      <marc:subfield code="a">264 S.</marc:subfield>
   </marc:datafield>
</marc:record>
